[Event "Agzamov Memorial 17th"]
[Site "Tashkent"]
[Date "2024.04.03"]
[Round "10"]
[White "Zverev, Lev"]
[Black "Rasulov, Vugar Ural Oglu"]
[Result "0-1"]
[WhiteElo "2378"]
[BlackElo "2550"]
[PlyCount "58"]
[EventDate "2024.03.27"]
[EventType "swiss"]
[EventRounds "10"]
[EventCountry "UZB"]
[SourceTitle "CB14_2024"]
[SourceDate "2024.04.01"]
[SourceVersion "1"]
[SourceVersionDate "2024.04.01"]
[SourceQuality "1"]

1. e4 d5 2. exd5 Qxd5 3. Nc3 Qd6 4. d4 Nf6 5. Nf3 g6 6. Ne5 Bg7 7. Be3 0-0 8. Qd2 a6 9. Be2 Be6 10. 0-0-0 b5 11. Bf3 c6 12. Bf4 Qd8 13. Nxc6 Nxc6 14. Bxc6 Rc8 15. Bb7 b4 16. Na4 Qa5 17. Bxc8 Rxc8 18. Nc5 Nd5 19. Nxe6 Qxa2 20. Qe2 Nc3 21. Qd3 Nxd1 22. Rxd1 fxe6 23. Re1 Qa1+ 24. Kd2 Qxb2 25. Rxe6 Rc3 26. Qe4 b3 27. Rc6 Rxc6 28. Qxc6 Qxd4+ 29. Ke2 Qxf4 0-1

[Event "Moscow Aeroflot op-A"]
[Site "Moscow"]
[Date "2024.03.07"]
[Round "9"]
[White "Zverev, Lev"]
[Black "Tsvetkov, Andrey1"]
[Result "1/2-1/2"]
[WhiteElo "2378"]
[BlackElo "2424"]
[PlyCount "82"]
[EventDate "2024.03.03"]
[EventType "swiss"]
[EventRounds "9"]
[EventCountry "RUS"]
[SourceTitle "CB11_2024"]
[SourceDate "2024.03.13"]
[SourceVersion "1"]
[SourceVersionDate "2024.03.13"]
[SourceQuality "1"]

1. e4 e5 2. Nf3 Nc6 3. Bc4 d6 4. Nc3 Be7 5. h3 Nf6 6. d4 Nxe4 7. Nxe4 d5 8. Bb5 dxe4 9. Nxe5 Qd6 10. Qe2 0-0 11. Bxc6 bxc6 12. Qxe4 Ba6 13. Bd2 c5 14. 0-0-0 cxd4 15. Nc6 Rfe8 16. Nxe7+ Qxe7 17. Qxd4 Rad8 18. Qc3 Qe6 19. b3 Qg6 20. Rde1 h6 21. g4 Kh7 22. Rxe8 Rxe8 23. Re1 Rxe1+ 24. Bxe1 Qf6 25. Qxf6 gxf6 26. Kd2 Kg6 27. Ke3 Bf1 28. h4 f5 29. Ba5 c6 30. g5 hxg5 31. hxg5 f6 32. Kd4 fxg5 33. Bc7 Bg2 34. Bb8 a6 35. Kc5 Be4 36. c3 Bb1 37. a3 Bc2 38. b4 Ba4 39. Kb6 Bb5 40. Ka5 Bc4 41. Kb6 Kf6 1/2-1/2

[Event "Budapest FS02 IM-2"]
[Site "Budapest"]
[Date "2024.02.17"]
[Round "3"]
[White "Zverev, Lev"]
[Black "Ilincic, Zlatko"]
[Result "0-1"]
[WhiteElo "2343"]
[BlackElo "2294"]
[PlyCount "82"]
[EventDate "2024.02.15"]
[EventType "tourn"]
[EventRounds "9"]
[EventCountry "HUN"]
[EventCategory "4"]
[SourceTitle "CB09_2024"]
[SourceDate "2024.02.28"]
[SourceVersion "1"]
[SourceVersionDate "2024.02.28"]
[SourceQuality "1"]

1. e4 e5 2. Nf3 Nf6 3. d4 Nxe4 4. Bd3 d5 5. Nxe5 Nd7 6. Nxd7 Qxd7 7. 0-0 Be7 8. Re1 Nf6 9. Bg5 0-0 10. Nc3 h6 11. Rxe7 Qxe7 12. Nxd5 Qe6 13. Nxc7 Qd6 14. Bxf6 Qxc7 15. Be5 Qb6 16. d5 Re8 17. Bd4 Qd6 18. c4 b6 19. Bc2 Bd7 20. Qd3 f5 21. Qc3 g6 22. Rd1 a5 23. h4 Kh7 24. h5 gxh5 25. Qh3 Qg6 26. Be3 Rf8 27. Rd4 Kg8 28. Rh4 Be8 29. Bd1 f4 30. Bxf4 Qb1 31. Qf3 Bg6 32. Kh2 Rae8 33. Bb3 Re1 34. d6 a4 35. Bxa4 Rh1+ 36. Kg3 Rxh4 37. Kxh4 Qh1+ 38. Kg3 h4+ 39. Kg4 h3 40. Kg3 hxg2 41. Qd5+ Kh7 0-1

[Event "Wch Blitz"]
[Site "Samarkand"]
[Date "2023.12.30"]
[Round "20"]
[White "Xiu, Deshun"]
[Black "Zverev, Lev"]
[Result "1-0"]
[WhiteElo "2510"]
[BlackElo "2343"]
[PlyCount "99"]
[EventDate "2023.12.29"]
[EventType "swiss (blitz)"]
[EventRounds "21"]
[EventCountry "UZB"]
[SourceTitle "CB01_2024"]
[SourceDate "2024.01.03"]
[SourceVersion "1"]
[SourceVersionDate "2024.01.03"]
[SourceQuality "1"]

1. d4 Nf6 2. c4 e6 3. Nf3 d5 4. Nc3 Bb4 5. Qa4+ Nc6 6. e3 0-0 7. Qc2 Re8 8. Bd2 Bf8 9. a3 h6 10. Rd1 b6 11. Be2 Bb7 12. 0-0 g6 13. Rc1 Bg7 14. Rfd1 Qe7 15. b4 Rad8 16. Qb3 Nb8 17. a4 Nbd7 18. cxd5 Nxd5 19. Nxd5 Bxd5 20. Qa3 c5 21. bxc5 bxc5 22. dxc5 Rb8 23. Bc3 Rb3 24. Qa1 Rxc3 25. Rxc3 Nxc5 26. Nd4 Ne4 27. Rcc1 Qh4 28. g3 Qh3 29. Bf1 Qh5 30. Bg2 Ng5 31. h4 Nf3+ 32. Kf1 Nh2+ 33. Kg1 Nf3+ 34. Kf1 Qg4 35. Qa3 Nxd4 36. exd4 Bxd4 37. Bxd5 exd5 38. Kg2 Bxf2 39. Qf3 Qxf3+ 40. Kxf3 Be3 41. Rc7 Bb6 42. Rd7 Re3+ 43. Kg2 Re2+ 44. Kh3 Ra2 45. Rf1 Bf2 46. Rxd5 h5 47. Rd3 f6 48. Rd7 Be3 49. Rb1 Bb6 50. Rc1 1-0

[Event "Wch Rapid"]
[Site "Samarkand"]
[Date "2023.12.28"]
[Round "10"]
[White "Aravindh, Chithambaram VR"]
[Black "Zverev, Lev"]
[Result "1-0"]
[WhiteElo "2646"]
[BlackElo "2343"]
[PlyCount "99"]
[EventDate "2023.12.26"]
[EventType "swiss (rapid)"]
[EventRounds "13"]
[EventCountry "UZB"]
[SourceTitle "CB01_2024"]
[SourceDate "2024.01.03"]
[SourceVersion "1"]
[SourceVersionDate "2024.01.03"]
[SourceQuality "1"]

1. b3 d5 2. Bb2 Nf6 3. Nf3 Bf5 4. g3 e6 5. Bg2 Bd6 6. d3 0-0 7. Nbd2 Nbd7 8. Nh4 Bg4 9. h3 Bh5 10. g4 Bg6 11. e3 c6 12. f4 Re8 13. 0-0 h6 14. Nxg6 fxg6 15. e4 dxe4 16. dxe4 g5 17. e5 Bc5+ 18. Kh1 Nd5 19. f5 Ne3 20. Qe2 Nxf1 21. Rxf1 exf5 22. gxf5 Kh8 23. Ne4 Bf8 24. e6 Nf6 25. Bxf6 gxf6 26. Rd1 Qa5 27. Nxf6 Qxf5 28. Nxe8 Rxe8 29. Rf1 Qg6 30. Qe3 a6 31. c4 Bg7 32. Re1 Re7 33. c5 a5 34. Bf1 g4 35. hxg4 Qxg4 36. Bh3 Qh5 37. Rf1 Qd5+ 38. Rf3 Qd1+ 39. Kg2 Qd5 40. Qf4 Re8 41. Qd6 Qe4 42. Bf5 Qe2+ 43. Rf2 Qe3 44. Qd2 Qxc5 45. Bg6 Rg8 46. Rf7 Ra8 47. e7 Qb6 48. Rf8+ Rxf8 49. exf8Q+ Bxf8 50. Qd7 1-0

[Event "Wch Rapid"]
[Site "Samarkand"]
[Date "2023.12.27"]
[Round "9"]
[White "Pingin, Artem"]
[Black "Zverev, Lev"]
[Result "1-0"]
[WhiteElo "2419"]
[BlackElo "2343"]
[PlyCount "98"]
[EventDate "2023.12.26"]
[EventType "swiss (rapid)"]
[EventRounds "13"]
[EventCountry "UZB"]
[SourceTitle "CB01_2024"]
[SourceDate "2024.01.03"]
[SourceVersion "1"]
[SourceVersionDate "2024.01.03"]
[SourceQuality "1"]

1. d4 Nf6 2. c4 e6 3. Nf3 d5 4. g3 Bb4+ 5. Bd2 Be7 6. Bg2 c6 7. Qc2 0-0 8. 0-0 b6 9. Bf4 Ba6 10. Ne5 Nfd7 11. Nxd7 Nxd7 12. Nd2 Rc8 13. Rfd1 c5 14. Qa4 Bb7 15. Qxa7 Bc6 16. cxd5 exd5 17. dxc5 g5 18. Bd6 bxc5 19. Bxe7 Qxe7 20. Qa6 Ne5 21. e3 d4 22. exd4 Bxg2 23. dxe5 Bc6 24. Qe2 Qe6 25. Nc4 Rcd8 26. b3 Rd4 27. Rxd4 cxd4 28. Qd2 Qf5 29. f3 h6 30. Rf1 Rd8 31. g4 Qe6 32. Qd3 h5 33. Qf5 Qxf5 34. gxf5 Bd5 35. Nb6 Bc6 36. Kf2 d3 37. Rd1 Rd4 38. Nc4 Bd5 39. Ne3 Bc6 40. Rc1 Bb7 41. Rc7 Ba6 42. Ra7 Bb5 43. a4 Bd7 44. Ra6 Rh4 45. Rd6 Rxh2+ 46. Kg1 Re2 47. Rxd7 Re1+ 48. Kf2 Re2+ 49. Kg3 Re1 1-0

[Event "Wch Rapid"]
[Site "Samarkand"]
[Date "2023.12.27"]
[Round "7"]
[White "Smirnov, Anton"]
[Black "Zverev, Lev"]
[Result "1-0"]
[WhiteElo "2586"]
[BlackElo "2343"]
[PlyCount "93"]
[EventDate "2023.12.26"]
[EventType "swiss (rapid)"]
[EventRounds "13"]
[EventCountry "UZB"]
[SourceTitle "CB01_2024"]
[SourceDate "2024.01.03"]
[SourceVersion "1"]
[SourceVersionDate "2024.01.03"]
[SourceQuality "1"]

1. e4 e5 2. Nf3 Nc6 3. Bb5 a6 4. Bxc6 dxc6 5. 0-0 Bg4 6. h3 h5 7. d3 Qf6 8. Be3 Bxf3 9. Qxf3 Qxf3 10. gxf3 Bd6 11. Nd2 Ne7 12. Rfb1 a5 13. c3 Kd7 14. d4 f6 15. a4 Ke6 16. Nc4 Ng6 17. Kf1 b6 18. Ke2 exd4 19. cxd4 Nf4+ 20. Bxf4 Bxf4 21. Rd1 Rad8 22. Rd3 Rhe8 23. Rad1 Kf7 24. Ne3 Re6 25. Rc3 g6 26. Rc4 Red6 27. b3 R8d7 28. Rc3 Re6 29. Rcd3 Bh6 30. Nc4 Bf4 31. Ne3 Bh6 32. d5 cxd5 33. Rxd5 Rxd5 34. Nxd5 Rc6 35. Rd3 Bf8 36. f4 Rc2+ 37. Rd2 Rc1 38. e5 fxe5 39. fxe5 Bh6 40. f4 c6 41. Nc7 Bxf4 42. Rd7+ Kg8 43. Rd8+ Kh7 44. e6 Rc3 45. Rd7+ Kh6 46. e7 Re3+ 47. Kf2 1-0

[Event "Wch Rapid"]
[Site "Samarkand"]
[Date "2023.12.27"]
[Round "6"]
[White "Zverev, Lev"]
[Black "Kezin, Roman"]
[Result "0-1"]
[WhiteElo "2343"]
[BlackElo "2502"]
[PlyCount "70"]
[EventDate "2023.12.26"]
[EventType "swiss (rapid)"]
[EventRounds "13"]
[EventCountry "UZB"]
[SourceTitle "CB01_2024"]
[SourceDate "2024.01.03"]
[SourceVersion "1"]
[SourceVersionDate "2024.01.03"]
[SourceQuality "1"]

1. e4 c5 2. Nf3 e6 3. d4 cxd4 4. Nxd4 Nc6 5. Nc3 Qc7 6. Be3 a6 7. Qd2 Nf6 8. f4 Bb4 9. Bd3 b5 10. a3 Be7 11. h3 Bb7 12. e5 Nh5 13. 0-0 Nxd4 14. Bxd4 Ng3 15. Rfe1 h5 16. Rad1 Rc8 17. Kh2 h4 18. Qf2 Bc6 19. f5 Qb7 20. fxe6 dxe6 21. Ne2 Rd8 22. Be3 Ne4 23. Qf1 Rh5 24. Nf4 Rxe5 25. Qe2 Ng3 26. Qd2 g5 27. Ne2 Bxg2 28. Nxg3 hxg3+ 29. Kg1 Bxh3 30. a4 Kf8 31. a5 Rxe3 32. Rxe3 Bc5 33. Rde1 f5 34. b4 Ba7 35. R1e2 f4 0-1

[Event "Wch Rapid"]
[Site "Samarkand"]
[Date "2023.12.26"]
[Round "5"]
[White "Niemann, Hans Moke"]
[Black "Zverev, Lev"]
[Result "1/2-1/2"]
[WhiteElo "2667"]
[BlackElo "2343"]
[PlyCount "175"]
[EventDate "2023.12.26"]
[EventType "swiss (rapid)"]
[EventRounds "13"]
[EventCountry "UZB"]
[SourceTitle "CB01_2024"]
[SourceDate "2024.01.03"]
[SourceVersion "1"]
[SourceVersionDate "2024.01.03"]
[SourceQuality "1"]

1. e4 e5 2. Nf3 Nc6 3. Bc4 Bc5 4. d3 Nf6 5. 0-0 d6 6. c3 a6 7. Nbd2 Ba7 8. Re1 0-0 9. Nf1 Na5 10. Bb3 Nxb3 11. axb3 h6 12. h3 Re8 13. Ng3 Be6 14. d4 exd4 15. Nxd4 Nd7 16. Be3 Bxd4 17. cxd4 d5 18. e5 Rc8 19. Qh5 f6 20. Bxh6 fxe5 21. Bg5 Nf6 22. Bxf6 Qxf6 23. Rxe5 Bf7 24. Qg4 c5 25. Nf5 cxd4 26. Rxe8+ Rxe8 27. Nxd4 Re4 28. Qc8+ Kh7 29. Nf3 Bh5 30. Qc3 Qxc3 31. bxc3 Bxf3 32. gxf3 Re2 33. Rd1 Rb2 34. b4 Rb3 35. Rd3 d4 36. Rxd4 Rxc3 37. Kg2 b5 38. Kg3 Ra3 39. h4 a5 40. bxa5 Rxa5 41. Rd5 Kh6 42. Rd6+ Kh7 43. Rb6 Kg8 44. Kg4 Ra2 45. Kg3 Rb2 46. h5 Kh7 47. f4 Rb1 48. f5 Rh1 49. Kg4 Rg1+ 50. Kf4 Rh1 51. f6 gxf6 52. Kg4 Rg1+ 53. Kf5 Rg5+ 54. Kxf6 Rxh5 55. Rb7+ Kh6 56. Rb8 Kh7 57. f4 Rh6+ 58. Kf7 Rh5 59. Ke6 Rh6+ 60. Ke7 Rh5 61. Rf8 Rc5 62. f5 Rc7+ 63. Ke6 Rc6+ 64. Ke7 Rc7+ 65. Kf6 Rc6+ 66. Kg5 Kg7 67. Rb8 Kf7 68. Rxb5 Ra6 69. Rb7+ Kf8 70. Rh7 Rb6 71. Ra7 Rc6 72. Kf4 Rb6 73. Ra5 Kf7 74. Ke5 Kf8 75. Rd5 Ke7 76. Rc5 Kf7 77. Rc7+ Kf8 78. Rd7 Ra6 79. Rd1 Ke7 80. Rg1 Ra5+ 81. Kf4 Ra6 82. Rg7+ Kf8 83. Rg6 Rxg6 84. fxg6 Kg7 85. Kg5 Kg8 86. Kf6 Kf8 87. g7+ Kg8 88. Kg6 1/2-1/2

[Event "Almaty Academy IM 6th"]
[Site "Almaty"]
[Date "2023.11.21"]
[Round "4"]
[White "Zverev, Lev"]
[Black "Askarov, Bakhtiyar"]
[Result "1-0"]
[WhiteElo "2361"]
[BlackElo "2339"]
[PlyCount "79"]
[EventDate "2023.11.19"]
[EventType "tourn"]
[EventRounds "9"]
[EventCountry "KAZ"]
[EventCategory "4"]
[SourceTitle "CB48_2023"]
[SourceDate "2023.11.29"]
[SourceVersion "1"]
[SourceVersionDate "2023.11.29"]
[SourceQuality "1"]

1. e4 c5 2. Nf3 Nf6 3. Nc3 d5 4. exd5 Nxd5 5. Bb5+ Bd7 6. Ne5 Nf6 7. Qf3 Qc8 8. a4 e6 9. a5 Bxb5 10. Nxb5 Nc6 11. Nxc6 bxc6 12. Na3 Be7 13. Nc4 0-0 14. 0-0 Nd5 15. b3 Rd8 16. Ba3 f6 17. h4 e5 18. Rfe1 Bf8 19. h5 Rb8 20. d3 Qd7 21. Bb2 Re8 22. Re4 Bd6 23. Ne3 Nf4 24. h6 f5 25. Rea4 g6 26. g4 Rb4 27. Rxb4 cxb4 28. Re1 Bc7 29. gxf5 gxf5 30. Kh1 Re6 31. Nxf5 Rf6 32. Qg4+ Rg6 33. Ne7+ Qxe7 34. Qxf4 Qd7 35. Qh4 Qf5 36. Re3 Kh8 37. f4 Rg4 38. Qh3 Qd7 39. Bxe5+ Bxe5 40. Rxe5 1-0

[Event "Almaty Academy IM 5th"]
[Site "Almaty"]
[Date "2023.11.14"]
[Round "6"]
[White "Lortkipanidze, Nodar"]
[Black "Zverev, Lev"]
[Result "0-1"]
[WhiteElo "2390"]
[BlackElo "2361"]
[PlyCount "68"]
[EventDate "2023.11.10"]
[EventType "tourn"]
[EventRounds "9"]
[EventCountry "KAZ"]
[SourceTitle "CB47_2023"]
[SourceDate "2023.11.22"]
[SourceVersion "1"]
[SourceVersionDate "2023.11.22"]
[SourceQuality "1"]

1. e4 e5 2. Nf3 Nc6 3. d4 exd4 4. Nxd4 Nf6 5. Nxc6 bxc6 6. e5 Qe7 7. Qe2 Nd5 8. g3 g6 9. c4 Ba6 10. b3 Bg7 11. Bb2 d6 12. Bg2 dxe5 13. 0-0 0-0-0 14. Qe1 Nb4 15. Ba3 c5 16. Bxb4 cxb4 17. Qe4 Qd6 18. a3 f5 19. Qe1 e4 20. Ra2 bxa3 21. Nxa3 Qb6 22. b4 Rd3 23. Qb1 Bb7 24. c5 Qe6 25. Nb5 Kb8 26. Nxa7 Qb3 27. b5 Rhd8 28. Nc6+ Bxc6 29. bxc6 R8d5 30. Ra5 Bb2 31. Ra2 Rd2 32. Re1 Rd1 33. Bxe4 Rxe1+ 34. Qxe1 Rd1 0-1

[Event "Almaty Academy IM 5th"]
[Site "Almaty"]
[Date "2023.11.12"]
[Round "3"]
[White "Gabrielian, Artur"]
[Black "Zverev, Lev"]
[Result "1/2-1/2"]
[WhiteElo "2452"]
[BlackElo "2361"]
[PlyCount "100"]
[EventDate "2023.11.10"]
[EventType "tourn"]
[EventRounds "9"]
[EventCountry "KAZ"]
[SourceTitle "CB47_2023"]
[SourceDate "2023.11.22"]
[SourceVersion "1"]
[SourceVersionDate "2023.11.22"]
[SourceQuality "1"]

1. e4 e5 2. Nf3 Nc6 3. Bb5 a6 4. Bxc6 dxc6 5. Nc3 f6 6. d4 exd4 7. Qxd4 Qxd4 8. Nxd4 Bd7 9. h4 Bd6 10. Nde2 0-0-0 11. Bf4 Bc5 12. Bg3 Ne7 13. 0-0-0 Ng6 14. f3 h5 15. b3 Be6 16. Rd3 Ne5 17. Rxd8+ Rxd8 18. Rd1 Re8 19. Nf4 Bf7 20. Nd3 Bd6 21. Nxe5 fxe5 22. Na4 Re6 23. Bf2 b6 24. Kd2 Rg6 25. Rg1 Kd7 26. Ke2 Be6 27. Nb2 c5 28. c4 b5 29. g3 Rf6 30. Rc1 Rf8 31. Be3 Rb8 32. Bd2 Rb7 33. Be3 Rb8 34. Rc2 Ra8 35. Bc1 Rb8 36. Nd3 bxc4 37. bxc4 Bg8 38. Bb2 Re8 39. Ke3 Bh7 40. Rc3 Kc6 41. Rc2 Bg6 42. Rg2 Bf7 43. f4 exf4+ 44. gxf4 g6 45. Rc2 Bg8 46. Ne5+ Bxe5 47. Bxe5 Rd8 48. Rg2 Bf7 49. f5 gxf5 50. Rg7 f4+ 1/2-1/2

[Event "Almaty Academy IM 5th"]
[Site "Almaty"]
[Date "2023.11.10"]
[Round "1"]
[White "Smirnov, Mark1"]
[Black "Zverev, Lev"]
[Result "1-0"]
[WhiteElo "2064"]
[BlackElo "2361"]
[PlyCount "71"]
[EventDate "2023.11.10"]
[EventType "tourn"]
[EventRounds "9"]
[EventCountry "KAZ"]
[SourceTitle "CB47_2023"]
[SourceDate "2023.11.22"]
[SourceVersion "1"]
[SourceVersionDate "2023.11.22"]
[SourceQuality "1"]

1. e4 e5 2. Nf3 Nc6 3. d4 exd4 4. Nxd4 Nf6 5. Nxc6 bxc6 6. e5 Qe7 7. Qe2 Nd5 8. h4 Qe6 9. Nd2 a5 10. Nf3 Ba6 11. c4 Bb4+ 12. Bd2 Nb6 13. b3 0-0 14. Bxb4 axb4 15. Qe3 f6 16. Bd3 d5 17. 0-0 dxc4 18. bxc4 Bxc4 19. Bxc4 Qxc4 20. Rfc1 Qg4 21. Rxc6 Nd5 22. Qb3 Qd7 23. Qc4 Ra5 24. Rd1 Re8 25. exf6 gxf6 26. Rxf6 Re4 27. Rf8+ Kxf8 28. Qxe4 Qe7 29. Qf5+ Qf7 30. Qe5 Kg8 31. Rd4 h5 32. Ng5 Qf6 33. Qe8+ Kg7 34. Qd7+ Ne7 35. Rf4 Rd5 36. Ne6+ 1-0